<?xml version="1.0" encoding="UTF-8"?>
<record
    xmlns:xsi="http://www.w3.org/2001/XMLSchema-instance"
    xsi:schemaLocation="http://www.loc.gov/MARC21/slim http://www.loc.gov/standards/marcxml/schema/MARC21slim.xsd"
    xmlns="http://www.loc.gov/MARC21/slim">

  <leader>01163    a2200217   4500</leader>
  <controlfield tag="003">Nust</controlfield>
  <controlfield tag="005">20221119135247.0</controlfield>
  <datafield tag="010" ind1=" " ind2=" ">
    <subfield code="a">6915375</subfield>
  </datafield>
  <datafield tag="020" ind1=" " ind2=" ">
    <subfield code="a">0201060205</subfield>
  </datafield>
  <datafield tag="040" ind1=" " ind2=" ">
    <subfield code="c">Nust</subfield>
  </datafield>
  <datafield tag="082" ind1=" " ind2=" ">
    <subfield code="a">515.15,MOR</subfield>
  </datafield>
  <datafield tag="100" ind1=" " ind2=" ">
    <subfield code="a">Murray H. Protter</subfield>
    <subfield code="9">103142</subfield>
  </datafield>
  <datafield tag="245" ind1=" " ind2=" ">
    <subfield code="a">Calculus with analytic geometry : a first course / </subfield>
    <subfield code="c">Murray H. Protter</subfield>
  </datafield>
  <datafield tag="250" ind1=" " ind2=" ">
    <subfield code="a">2nd ed.</subfield>
  </datafield>
  <datafield tag="260" ind1=" " ind2=" ">
    <subfield code="a">Reading, Mass.</subfield>
    <subfield code="b">Addison-Wesley Pub</subfield>
    <subfield code="c">1970</subfield>
  </datafield>
  <datafield tag="300" ind1=" " ind2=" ">
    <subfield code="a">  x,548p</subfield>
  </datafield>
  <datafield tag="505" ind1=" " ind2=" ">
    <subfield code="a">Inequalities (Page-1), Relations Functions Graphs (Page-17), The Line (Page-52), Introduction to the Calculus Limits (Page-71), Differentiation of Algebraic Functions (Page-131), Applications of Diffentations the Differential (Page-153), The Definite Integral (Page-217), Lines Circles Conics (Page-279), The Trigonometric and Exponential Functions (Page-329), Parametric Equations  ARC Length (Page-379 ), Polar Coordinates (Page-404), Vectors in a Plane (Page-430), Formulas and Methods of Integrations (Page-453), Applications of the Integral (Page-490 ).</subfield>
  </datafield>
  <datafield tag="600" ind1=" " ind2=" ">
    <subfield code="a">Murray H. Protter</subfield>
    <subfield code="9">103142</subfield>
  </datafield>
  <datafield tag="650" ind1=" " ind2=" ">
    <subfield code="a">Calculus with analytic geometry : a first course</subfield>
    <subfield code="9">103143</subfield>
  </datafield>
  <datafield tag="942" ind1=" " ind2=" ">
    <subfield code="2">ddc</subfield>
    <subfield code="c">BK</subfield>
    <subfield code="k">515.15,MOR</subfield>
  </datafield>
  <datafield tag="999" ind1=" " ind2=" ">
    <subfield code="c">180706</subfield>
    <subfield code="d">180706</subfield>
  </datafield>
  <datafield tag="952" ind1=" " ind2=" ">
    <subfield code="0">0</subfield>
    <subfield code="1">0</subfield>
    <subfield code="2">ddc</subfield>
    <subfield code="4">0</subfield>
    <subfield code="7">0</subfield>
    <subfield code="a">MCS</subfield>
    <subfield code="b">MCS</subfield>
    <subfield code="c">GEN</subfield>
    <subfield code="d">2016-12-12</subfield>
    <subfield code="o">515.15,MOR</subfield>
    <subfield code="p">MCS7164</subfield>
    <subfield code="r">2016-12-08</subfield>
    <subfield code="w">2016-12-12</subfield>
    <subfield code="y">BK</subfield>
    <subfield code="z">Almirah No.13, Shelf No. 2</subfield>
  </datafield>
</record>
